| 000 | 00539nam a2200193 i 4500 | ||
|---|---|---|---|
| 001 | 104252 | ||
| 003 | ES-MaACL | ||
| 005 | 20230906183543.0 | ||
| 007 | t| | ||
| 008 | 051125s1909 fr ||||1| fre d | ||
| 100 | 1 |
_aMigeon, Gaston. _980984 |
|
| 245 | 1 | 4 |
_aLes arts du tissu / _cGaston Migeon. |
| 260 |
_aEvreux : _b[s.n.], _c1909 ( _fCh. Herissey) |
||
| 300 |
_a416 p. ; _c24 cm. |
||
| 490 | 1 | _aManuels d'histoire de l'art | |
| 830 | 0 |
_aManuels d'histoire de l'art _9181440 |
|
| 852 |
_aES-MaACL _jF-2125 |
||
| 999 |
_c104252 _d104252 |
||